[Event "4NCL Division 2a"]
[Site "Hinckley Island ENG"]
[Date "2014.01.12"]
[Round "4.47"]
[White "Lunn, Matthew"]
[Black "McCorry, Robert T"]
[Result "1/2-1/2"]
[WhiteElo "2045"]
[BlackElo "2061"]
[PlyCount "89"]
[EventDate "2014.01.12"]
[WhiteTeam "KJCA Kings"]
[BlackTeam "Poisoned Pawns"]

1. d4 Nf6 2. c4 e6 3. Nc3 Bb4 4. Qc2 O-O 5. e4 d5 6. e5 Ne4 7. Bd3 c5 8. cxd5
exd5 9. Nge2 Nc6 10. O-O cxd4 11. Nxd5 Qxd5 12. Bxe4 Qxe5 13. Bxh7+ Kh8 14. Bf4
Qf6 15. Be4 Bg4 16. f3 Be6 17. a3 Ba5 18. Qc5 Kg8 19. Bg5 Bb6 20. Qxb6 Qxg5 21.
Qxb7 Qe3+ 22. Rf2 Ne5 23. Qb5 Ng4 24. fxg4 Qxe4 25. Rd1 Rfd8 26. Qd3 Qxg4 27.
Rf4 Qh5 28. Ng3 Qc5 29. Rxd4 Rd5 30. Ne4 Qb6 31. Nf2 Rad8 32. Rxd5 Rxd5 33. Qe2
Rxd1+ 34. Qxd1 Qxb2 35. Qd8+ Kh7 36. Qd3+ g6 37. h4 Qc1+ 38. Kh2 Qf4+ 39. Qg3
Qxg3+ 40. Kxg3 Bd5 41. Ng4 Kg7 42. Ne3 Bc6 43. Kf4 Kf6 44. g4 Bb7 45. Nc4
1/2-1/2

[Event "4NCL Division 2a"]
[Site "Hinckley Island ENG"]
[Date "2014.01.12"]
[Round "4.48"]
[White "Sucikova, Svetlana"]
[Black "Rao, Raunak"]
[Result "1-0"]
[WhiteElo "1934"]
[BlackElo "1736"]
[PlyCount "147"]
[EventDate "2014.01.12"]
[WhiteTeam "Poisoned Pawns"]
[BlackTeam "KJCA Kings"]

1. c4 e6 2. Nc3 d5 3. e3 Nf6 4. b3 Be7 5. Bb2 O-O 6. Nf3 c5 7. d4 Nc6 8. Be2 b6
9. O-O Bb7 10. Rc1 Rc8 11. cxd5 Nxd5 12. Nxd5 Qxd5 13. dxc5 Bxc5 14. Qxd5 exd5
15. Rfd1 Rfd8 16. a3 a5 17. Rc2 Ne7 18. Nd4 Nc6 19. Nf5 f6 20. Rcd2 Ne7 21. Bg4
Rc7 22. Nd4 Bxd4 23. Bxd4 Rc6 24. Be2 Rcd6 25. g4 Kf7 26. Rc2 Rc8 27. Rcd2 Rcd8
28. Bb2 Bc6 29. a4 R6d7 30. Ba3 Nc8 31. Rc2 Na7 32. Rdc1 Bb7 33. Bd3 g6 34. Bb2
Rc8 35. Rxc8 Nxc8 36. Bb5 Re7 37. Ba3 Ke6 38. Bxe7 Nxe7 39. f3 Kd6 40. Kf2 Ke6
41. Ke2 Kd6 42. Kd3 Ng8 43. Kc3 Nh6 44. h3 Nf7 45. Kd3 Ng5 46. Ke2 Ne6 47. Kf2
Nc5 48. Rc3 Ke5 49. h4 Kd6 50. Kg3 Ke5 51. Rc1 Kd6 52. Rb1 Ne6 53. b4 axb4 54.
Rxb4 Kc5 55. Rb1 Nd8 56. Rc1+ Kd6 57. h5 g5 58. h6 Ne6 59. Bd3 Nf8 60. a5 bxa5
61. Ra1 Kc7 62. Rxa5 Kb6 63. Ra1 Kc7 64. Bf5 Bc6 65. Kf2 Bb7 66. Ke2 Bc6 67.
Kd3 Bd7 68. Ra8 Bxf5+ 69. gxf5 Nd7 70. Rh8 Ne5+ 71. Ke2 Kd7 72. Rxh7+ Ke8 73.
Ra7 Kf8 74. h7 1-0

[Event "4NCL Division 2a"]
[Site "Hinckley Island ENG"]
[Date "2014.03.22"]
[Round "7.11"]
[White "Byway, Paul V"]
[Black "Thomas, Nicholas"]
[Result "1/2-1/2"]
[WhiteElo "2125"]
[BlackElo "2302"]
[PlyCount "174"]
[EventDate "2014.03.22"]
[WhiteTeam "Poisoned Pawns"]
[BlackTeam "Warwickshire Select 1"]

1. Nf3 d6 2. d4 Bg4 3. e3 Nf6 4. c4 Nbd7 5. Nc3 e5 6. Be2 Be7 7. b4 O-O 8. O-O
Re8 9. a4 Bf8 10. Ba3 exd4 11. Nxd4 Bxe2 12. Qxe2 a5 13. b5 Nc5 14. Bxc5 dxc5
15. Nf3 Bd6 16. h3 Qe7 17. Rad1 Qe6 18. Nd5 Ne4 19. Qc2 Rad8 20. Nf4 Bxf4 21.
exf4 Nd6 22. Rd5 Qe4 23. Qxe4 Nxe4 24. Rfd1 Rd6 25. Ne5 Red8 26. Re1 Rxd5 27.
cxd5 Nf6 28. Nc4 b6 29. d6 cxd6 30. Nxb6 d5 31. Re7 c4 32. Rc7 Kf8 33. Nc8 d4
34. b6 d3 35. b7 d2 36. b8=Q d1=Q+ 37. Kh2 Qd4 38. Qa7 Qxa7 39. Nxa7 Rd7 40.
Rc8+ Ke7 41. Nc6+ Ke6 42. Nxa5 Ra7 43. Nxc4 Rxa4 44. Rc6+ Ke7 45. f5 Ra7 46.
Ne3 Rd7 47. g4 Rd2 48. Rc7+ Ke8 49. Rc2 Rxc2 50. Nxc2 Ke7 51. Kg3 Ne4+ 52. Kf3
Ng5+ 53. Kg2 f6 54. Nd4 Ne4 55. Ne6 Kf7 56. Kf3 Nd6 57. Nd4 Nc4 58. Nc6 Nd6 59.
Ke3 h5 60. f3 Nc4+ 61. Kd3 Nb2+ 62. Kd4 Nd1 63. Nd8+ Kg8 64. Ne6 Kh7 65. h4
hxg4 66. fxg4 Nf2 67. g5 fxg5 68. hxg5 Kg8 69. Ke5 Ng4+ 70. Kf4 Nf2 71. g6 Nd3+
72. Kg5 Ne5 73. Nc5 Nf3+ 74. Kf4 Nd2 75. Nd7 Nc4 76. Kg5 Nd6 77. Kg4 Nb5 78. f6
gxf6 79. Nxf6+ Kg7 80. Kg5 Nd6 81. Nh5+ Kg8 82. Kf6 Ne4+ 83. Kf5 Nd6+ 84. Kg5
Ne8 85. Kh6 Kh8 86. Ng3 Ng7 87. Ne4 Nf5+ 1/2-1/2

[Event "4NCL Division 2a"]
[Site "Hinckley Island ENG"]
[Date "2014.03.22"]
[Round "7.12"]
[White "Mason, Donald J"]
[Black "Goodger, Martyn"]
[Result "1-0"]
[WhiteElo "2206"]
[BlackElo "2109"]
[PlyCount "119"]
[EventDate "2014.03.22"]
[WhiteTeam "Warwickshire Select 1"]
[BlackTeam "Poisoned Pawns"]

1. d4 f5 2. Nc3 d5 3. Bg5 c6 4. e3 Qb6 5. Rb1 Nd7 6. Bd3 g6 7. Nf3 Bg7 8. Bf4
Ngf6 9. O-O Ne4 10. Ne2 O-O 11. c4 Ndf6 12. b4 Be6 13. c5 Qd8 14. b5 Nh5 15.
bxc6 bxc6 16. Qa4 Nxf4 17. exf4 Qc7 18. Rb4 Rfb8 19. Rfb1 Rxb4 20. Qxb4 Bd7 21.
h4 Bf6 22. g3 e6 23. Ne5 Bd8 24. Qb7 Qxb7 25. Rxb7 Be8 26. f3 Nf6 27. Bc2 a5
28. Ba4 Rc8 29. Bxc6 Bxc6 30. Nxc6 Rxc6 31. Rb8 Kf7 32. Rxd8 Ra6 33. Rb8 Nd7
34. Rb7 Ke8 35. Nc3 Kd8 36. Nb5 Kc8 37. Rc7+ Kd8 38. Rb7 a4 39. Nd6 a3 40. Kf2
Nf6 41. Ke3 Nd7 42. Kd3 Nf6 43. Kc3 Rc6 44. Kb4 Rc7 45. Rb8+ Kd7 46. Kb5 Nh5
47. Rh8 Nxg3 48. Rxh7+ Kd8 49. Rh8+ Kd7 50. Kb6 Rc6+ 51. Kb7 Rc7+ 52. Kb8 Rc6
53. Rh7+ Kd8 54. Kb7 Rxd6 55. cxd6 Ne2 56. Rg7 Nxd4 57. Rxg6 Kd7 58. h5 Nb5 59.
Rg7+ Kxd6 60. h6 1-0

[Event "4NCL Division 2a"]
[Site "Hinckley Island ENG"]
[Date "2014.03.22"]
[Round "7.13"]
[White "Redman, David J"]
[Black "James, Ann-Marie"]
[Result "1/2-1/2"]
[WhiteElo "1814"]
[BlackElo "2080"]
[PlyCount "51"]
[EventDate "2014.03.22"]
[WhiteTeam "Poisoned Pawns"]
[BlackTeam "Warwickshire Select 1"]

1. d4 Nf6 2. c4 e6 3. Nf3 d5 4. Nc3 Bb4 5. Bd2 O-O 6. e3 c5 7. a3 cxd4 8. Nxd4
Be7 9. cxd5 exd5 10. Be2 Nc6 11. Ncb5 Ne4 12. Rc1 Bf6 13. Nxc6 bxc6 14. Nc3 Rb8
15. Nxe4 dxe4 16. Bb4 Qxd1+ 17. Bxd1 Rd8 18. Rxc6 Bd7 19. Rc4 Bxb2 20. Be7 Bb5
21. Rc2 Ba4 22. Bxd8 Bxc2 23. Bxc2 Rxd8 24. Bxe4 Bxa3 25. Ke2 Bc5 26. Rd1
1/2-1/2

[Event "4NCL Division 2a"]
[Site "Hinckley Island ENG"]
[Date "2014.03.22"]
[Round "7.14"]
[White "Stepanyan, Henrik"]
[Black "Kemp, Paul R"]
[Result "1/2-1/2"]
[WhiteElo "2029"]
[BlackElo "2085"]
[PlyCount "58"]
[EventDate "2014.03.22"]
[WhiteTeam "Warwickshire Select 1"]
[BlackTeam "Poisoned Pawns"]

1. c4 e5 2. Nc3 Nf6 3. Nf3 Nc6 4. e3 Bb4 5. Nd5 e4 6. Nxb4 Nxb4 7. Nd4 O-O 8.
a3 Nc6 9. Nxc6 dxc6 10. Be2 Bf5 11. O-O Qd6 12. b4 Rfd8 13. c5 Qe7 14. Bb2 Rd7
15. f3 Nd5 16. Qe1 Bg6 17. Bd4 a5 18. f4 f5 19. Bc4 Bf7 20. Bxd5 Bxd5 21. Kh1
Rdd8 22. Rg1 Be6 23. Qb1 axb4 24. axb4 Bc4 25. Qb2 Qf7 26. h3 Kf8 27. Rxa8 Rxa8
28. Ra1 Rxa1+ 29. Qxa1 Ba6 1/2-1/2

[Event "4NCL Division 2a"]
[Site "Hinckley Island ENG"]
[Date "2014.03.22"]
[Round "7.15"]
[White "Rosen, Daniel B"]
[Black "Weaving, Richard"]
[Result "1/2-1/2"]
[WhiteElo "2083"]
[BlackElo "2250"]
[PlyCount "64"]
[EventDate "2014.03.22"]
[WhiteTeam "Poisoned Pawns"]
[BlackTeam "Warwickshire Select 1"]

1. e4 e5 2. Nf3 Nc6 3. Bb5 Nf6 4. d3 Bc5 5. O-O d6 6. Be3 Bb6 7. Nbd2 O-O 8.
Bxc6 bxc6 9. a4 Re8 10. Qe2 d5 11. a5 Bxe3 12. Qxe3 Qd6 13. Nb3 h6 14. Rfe1 d4
15. Qc1 Nh5 16. g3 Rb8 17. Nbd2 Qf6 18. c3 c5 19. cxd4 cxd4 20. Qxc7 Bh3 21.
Rec1 Rbc8 22. Qxa7 Rxc1+ 23. Rxc1 Nf4 24. gxf4 Qg6+ 25. Ng5 hxg5 26. fxe5 Qh5
27. f3 g4 28. Qxd4 gxf3 29. Qf2 Qg5+ 30. Kh1 Bg2+ 31. Kg1 Bh3+ 32. Kh1 Bg2+
1/2-1/2

[Event "4NCL Division 2a"]
[Site "Hinckley Island ENG"]
[Date "2014.03.22"]
[Round "7.16"]
[White "Pitcher, John"]
[Black "McCorry, Robert T"]
[Result "0-1"]
[WhiteElo "2256"]
[BlackElo "2038"]
[PlyCount "104"]
[EventDate "2014.03.22"]
[WhiteTeam "Warwickshire Select 1"]
[BlackTeam "Poisoned Pawns"]

1. e4 e5 2. Bc4 Nc6 3. Nc3 Nf6 4. d3 Na5 5. Nge2 Nxc4 6. dxc4 Bc5 7. Qd3 a6 8.
O-O h6 9. Be3 Bxe3 10. Qxe3 O-O 11. c5 d6 12. Rad1 Be6 13. Rd2 Ng4 14. Qg3 Qg5
15. Rdd1 dxc5 16. Nd5 c6 17. Nb6 Rad8 18. h3 Nf6 19. Qxg5 hxg5 20. Nc3 Rd4 21.
b3 Rfd8 22. f3 Nd7 23. Nxd7 R8xd7 24. Rc1 b5 25. Rfe1 f6 26. Kh2 Kf7 27. Kg3
Rd2 28. Re2 a5 29. Kf2 c4 30. Ke1 Rxe2+ 31. Kxe2 Ke7 32. Nb1 Kd8 33. Nd2 cxb3
34. cxb3 Kc7 35. Ke3 Kb6 36. Rc2 Rd4 37. Rc3 c5 38. Rc2 a4 39. Rb2 axb3 40.
axb3 Ka5 41. Rc2 Kb4 42. Rc1 Rd7 43. Rc2 Bxb3 44. Nxb3 Kxb3 45. Rxc5 b4 46. g3
Kb2 47. h4 gxh4 48. gxh4 b3 49. h5 Ka1 50. Ra5+ Kb1 51. Rb5 b2 52. Rb6 Rc7 0-1

[Event "4NCL Division 2a"]
[Site "Hinckley Island ENG"]
[Date "2014.03.22"]
[Round "7.17"]
[White "McMahon, Paul"]
[Black "Hynes, AM (Tony)"]
[Result "1-0"]
[WhiteElo "1972"]
[BlackElo "2156"]
[PlyCount "73"]
[EventDate "2014.03.22"]
[WhiteTeam "Poisoned Pawns"]
[BlackTeam "Warwickshire Select 1"]

1. Nc3 e5 2. Nf3 Nc6 3. d4 exd4 4. Nxd4 Nf6 5. Bg5 h6 6. Bxf6 Qxf6 7. Ndb5 Bb4
8. Nxc7+ Kd8 9. N7d5 Qe5 10. Nxb4 Nxb4 11. a3 Nc6 12. e3 Re8 13. Bc4 a6 14. Qd5
Qc7 15. O-O-O Ra7 16. Ba2 Ne5 17. Qd4 b5 18. Nd5 Qb8 19. h3 f6 20. Rd2 Rb7 21.
Rhd1 Nc4 22. Bxc4 bxc4 23. Qxc4 Rxb2 24. Qc7+ Qxc7 25. Nxc7 Ra2 26. Nxe8 Kxe8
27. Rd3 Ra1+ 28. Kb2 Rxd1 29. Rxd1 Bb7 30. f3 Ke7 31. Kc3 Ke6 32. Kb4 g5 33. c4
h5 34. Kc5 g4 35. Kb6 Ba8 36. hxg4 hxg4 37. e4 1-0

[Event "4NCL Division 2a"]
[Site "Hinckley Island ENG"]
[Date "2014.03.22"]
[Round "7.18"]
[White "Baruch, Andrew JD"]
[Black "Sucikova, Svetlana"]
[Result "0-1"]
[WhiteElo "2070"]
[BlackElo "1966"]
[PlyCount "118"]
[EventDate "2014.03.22"]
[WhiteTeam "Warwickshire Select 1"]
[BlackTeam "Poisoned Pawns"]

1. g3 d5 2. c4 c6 3. Bg2 Nf6 4. Nf3 e6 5. O-O Be7 6. b3 O-O 7. Bb2 Nbd7 8. d3
b6 9. Nbd2 Bb7 10. e3 Qc7 11. Rc1 Rad8 12. cxd5 Nxd5 13. Nc4 Qb8 14. e4 Nb4 15.
a3 Na6 16. b4 Nc7 17. Qb3 Qa8 18. Rfd1 c5 19. b5 Kh8 20. Nfe5 Nxe5 21. Bxe5 Ne8
22. a4 f6 23. Bc3 e5 24. a5 Nd6 25. f4 Nxc4 26. Qxc4 exf4 27. a6 Bc8 28. e5 Qb8
29. gxf4 Bg4 30. Re1 fxe5 31. fxe5 Bf5 32. Rcd1 Qc8 33. e6 Rd6 34. Bb7 Qd8 35.
Re3 Bg5 36. Re5 Bxd3 37. Qg4 Bf6 38. e7 Bxe7 39. Rxd3 Rxd3 40. Rd5 Rxc3 41.
Rxd8 Rxd8 42. Be4 Rc1+ 43. Kf2 g6 44. Qe6 Bh4+ 45. Kg2 Rcd1 46. Qe5+ Kg8 47.
Kh3 R1d4 48. Bb1 Kf7 49. Ba2+ c4 50. Qc7+ R8d7 51. Bxc4+ Kg7 52. Qc8 Bd8 53.
Be2 Rc7 54. Qe6 Rc3+ 55. Kg2 Rd2 56. Kf1 Rc1+ 57. Kf2 Rcc2 58. Kf3 Bf6 59. Bf1
Rc3+ 0-1

[Event "4NCL Division 2a"]
[Site "Hinckley Island ENG"]
[Date "2014.03.22"]
[Round "7.21"]
[White "Spencer, Carl J"]
[Black "Spence, David J"]
[Result "0-1"]
[WhiteElo "2196"]
[BlackElo "2222"]
[PlyCount "94"]
[EventDate "2014.03.22"]
[WhiteTeam "Cambridge University 2"]
[BlackTeam "Anglian Avengers 1"]

1. e4 e6 2. d4 d5 3. Nd2 Nf6 4. e5 Nfd7 5. Bd3 c5 6. c3 Nc6 7. Ngf3 g6 8. O-O
Bg7 9. Re1 cxd4 10. cxd4 O-O 11. Nb3 a5 12. a4 f6 13. exf6 Qxf6 14. Bg5 Qf7 15.
Bb5 Ndb8 16. Bh4 b6 17. Rc1 Bd7 18. Bg3 Rc8 19. Ne5 Bxe5 20. dxe5 Na6 21. Qg4
Nab4 22. Rc3 Nd8 23. Rf3 Qe8 24. h4 Bxb5 25. axb5 Rc4 26. Qg5 Nf7 27. Qf6 Nh6
28. Bf4 Nf5 29. h5 gxh5 30. Be3 Nc2 31. Rd1 Ncxe3 32. fxe3 Rg4 33. Rxf5 exf5
34. Qxf5 Qg6 35. Qf3 Qe4 36. Qxe4 Rxe4 37. Rxd5 Rb4 38. Nd4 Rxb2 39. e6 a4 40.
Rg5+ Kf8 41. Nc6 Re8 42. e7+ Rxe7 43. Nxe7 Kxe7 44. Rxh5 Kd6 45. Kh2 a3 46.
Rxh7 Rxb5 47. Kg3 a2 0-1

[Event "4NCL Division 2a"]
[Site "Hinckley Island ENG"]
[Date "2014.03.22"]
[Round "7.22"]
[White "Merry, Alan B"]
[Black "Karayiannis, Costas"]
[Result "1-0"]
[WhiteElo "2316"]
[BlackElo "2163"]
[PlyCount "89"]
[EventDate "2014.03.22"]
[WhiteTeam "Anglian Avengers 1"]
[BlackTeam "Cambridge University 2"]

1. d4 e6 2. c4 Nf6 3. Nc3 c5 4. d5 exd5 5. cxd5 d6 6. e4 g6 7. Nge2 Bg7 8. Ng3
O-O 9. Be2 b6 10. O-O Ba6 11. Bg5 h6 12. Be3 Bxe2 13. Qxe2 a6 14. a4 Nbd7 15.
f4 Ne8 16. Rf2 Nc7 17. Raf1 b5 18. e5 b4 19. exd6 bxc3 20. dxc7 Qxc7 21. bxc3
f5 22. Qc4 Qd6 23. Re2 Rfd8 24. a5 Rac8 25. Bf2 Nf8 26. Rd1 Kh7 27. Rb2 Nd7 28.
Rb7 Qf6 29. Re1 Rb8 30. Ra7 Ra8 31. Rc7 Rac8 32. Rxc8 Rxc8 33. Re6 Qd8 34. Qxa6
Nf8 35. Rc6 Rxc6 36. dxc6 Ne6 37. Qc4 Qc8 38. Qd5 Nxf4 39. Qd7 Qb8 40. Qe7 Qc8
41. Qd6 Ne6 42. Qd7 Qxd7 43. cxd7 Bf6 44. a6 Bd8 45. Bxc5 1-0

[Event "4NCL Division 2a"]
[Site "Hinckley Island ENG"]
[Date "2014.03.22"]
[Round "7.23"]
[White "Pickard, Charles"]
[Black "Schreiner, Till"]
[Result "1/2-1/2"]
[WhiteElo "2112"]
[BlackElo "2298"]
[PlyCount "53"]
[EventDate "2014.03.22"]
[WhiteTeam "Cambridge University 2"]
[BlackTeam "Anglian Avengers 1"]

1. c4 e5 2. Nc3 c5 3. Nf3 Nc6 4. g3 g6 5. Bg2 Bg7 6. O-O d6 7. d3 Nge7 8. a3
O-O 9. Rb1 a5 10. Ne1 Be6 11. e4 Qd7 12. Nd5 Rab8 13. Bh6 Nxd5 14. Bxg7 Ne3 15.
fxe3 Kxg7 16. a4 f5 17. exf5 Bxf5 18. Qd2 Rbe8 19. b3 b6 20. Bxc6 Qxc6 21. e4
Bh3 22. Ng2 Qd7 23. Rxf8 Rxf8 24. Rf1 Rxf1+ 25. Kxf1 Qg4 26. Kg1 h5 27. Ne3
1/2-1/2

[Event "4NCL Division 2a"]
[Site "Hinckley Island ENG"]
[Date "2014.03.22"]
[Round "7.24"]
[White "Munson, Shaun D"]
[Black "Lee, Richard WY"]
[Result "0-1"]
[WhiteElo "2165"]
[BlackElo "2142"]
[PlyCount "68"]
[EventDate "2014.03.22"]
[WhiteTeam "Anglian Avengers 1"]
[BlackTeam "Cambridge University 2"]

1. d4 d5 2. Nc3 Bf5 3. Bg5 h6 4. Bh4 Nf6 5. Qd2 e6 6. f3 c5 7. Bxf6 Qxf6 8. e4
dxe4 9. fxe4 cxd4 10. O-O-O Bg4 11. Nf3 Bxf3 12. gxf3 Nc6 13. Nb5 O-O-O 14. f4
g5 15. f5 a6 16. Na3 Bxa3 17. bxa3 exf5 18. exf5 Rhe8 19. Bd3 Re5 20. Rde1 Qd6
21. Rxe5 Qxa3+ 22. Kd1 Nxe5 23. Ke2 Qxa2 24. Be4 Qc4+ 25. Kf2 Ng4+ 26. Kg2 Qc7
27. Kh3 Ne3 28. Qb4 b6 29. Qa4 g4+ 30. Kh4 Qe7+ 31. Kg3 Qe5+ 32. Kh4 Qe7+ 33.
Kg3 Qxe4 34. Qxa6+ Qb7 0-1

[Event "4NCL Division 2a"]
[Site "Hinckley Island ENG"]
[Date "2014.03.22"]
[Round "7.25"]
[White "Hill, Alistair"]
[Black "Talsma, Paul A"]
[Result "1-0"]
[WhiteElo "2126"]
[BlackElo "2191"]
[PlyCount "155"]
[EventDate "2014.03.22"]
[WhiteTeam "Cambridge University 2"]
[BlackTeam "Anglian Avengers 1"]

1. e4 e5 2. Nf3 Nf6 3. d4 Nxe4 4. Bd3 Nc6 5. dxe5 d5 6. Nc3 Nxc3 7. bxc3 Be7 8.
O-O Bg4 9. Re1 Qd7 10. h3 Bh5 11. g4 Bg6 12. Ng5 Nd8 13. Qf3 Bxd3 14. cxd3 Bxg5
15. Bxg5 Ne6 16. Bh4 O-O 17. d4 b6 18. Qe3 c5 19. f4 Qa4 20. Rad1 cxd4 21. cxd4
g5 22. Bxg5 Nxg5 23. fxg5 Rfe8 24. Rd2 Rac8 25. Qd3 Qb4 26. Re3 Rc1+ 27. Kg2
Rec8 28. Rf2 Qe7 29. Qf5 R1c3 30. Ree2 Qe6 31. h4 R8c4 32. Rd2 Re3 33. Rf3 Re4
34. Kg3 Rexd4 35. Rxd4 Rxd4 36. Qxe6 fxe6 37. Rf6 Ra4 38. Rxe6 Rxa2 39. Rd6 Re2
40. Rxd5 Kf8 41. Rd7 Rxe5 42. Rxa7 Kg8 43. Rb7 b5 44. Kf4 Rc5 45. Ke4 Kh8 46.
Re7 Kg8 47. Re5 Rc4+ 48. Kf5 b4 49. Rb5 Kg7 50. Rb7+ Kg8 51. h5 Rc5+ 52. Kf6
Rc6+ 53. Ke7 Rc4 54. h6 Re4+ 55. Kf6 Rf4+ 56. Ke6 Re4+ 57. Kf5 Rc4 58. Rb8+ Kf7
59. g6+ hxg6+ 60. Kg5 Rc5+ 61. Kh4 Rc1 62. Rxb4 Kg8 63. Rb7 Rc6 64. Kg5 Kh8 65.
Rf7 Rc4 66. Rf4 Rc6 67. Rf6 Rc4 68. Rxg6 Rc5+ 69. Kh4 Kh7 70. Rf6 Ra5 71. g5
Rb5 72. Kh5 Ra5 73. Rf7+ Kg8 74. Re7 Kh8 75. Kg6 Ra6+ 76. Kf5 Ra5+ 77. Kf6 Kg8
78. Re8+ 1-0

[Event "4NCL Division 2a"]
[Site "Hinckley Island ENG"]
[Date "2014.03.22"]
[Round "7.27"]
[White "Gordon-Brown, Alexander J"]
[Black "Taylor, Adam C"]
[Result "1-0"]
[WhiteElo "2000"]
[BlackElo "2078"]
[PlyCount "131"]
[EventDate "2014.03.22"]
[WhiteTeam "Cambridge University 2"]
[BlackTeam "Anglian Avengers 1"]

1. d4 Nf6 2. c4 e6 3. Nc3 Bb4 4. Nf3 O-O 5. Bg5 h6 6. Bh4 g5 7. Bg3 Ne4 8. Qc2
f5 9. e3 b6 10. Ne5 c5 11. f3 cxd4 12. exd4 Nxg3 13. hxg3 Qf6 14. O-O-O Kg7 15.
g4 d6 16. Nd3 Bxc3 17. Qxc3 fxg4 18. Be2 Bb7 19. fxg4 Nc6 20. Ne1 Rac8 21. Rf1
Qe7 22. Nf3 Na5 23. b3 Bxf3 24. Bxf3 d5 25. c5 Qc7 26. Be2 Rxf1 27. Rxf1 bxc5
28. dxc5+ d4 29. Qxd4+ e5 30. Qd2 Qxc5+ 31. Kb2 Qd4+ 32. Qxd4 exd4 33. Rf5 Nc6
34. Rc5 Ne7 35. Rxc8 Nxc8 36. Kc2 Kf6 37. Kd3 Ke5 38. Bf3 Nb6 39. b4 Na4 40.
Kc4 Nc3 41. a3 Kd6 42. Kxd4 Nb5+ 43. Ke4 Ke6 44. Be2 Nxa3 45. Bd3 a6 46. Bxa6
Nc2 47. b5 Ne1 48. g3 Kd7 49. Kf5 Nf3 50. Kg6 Kc7 51. Kxh6 Kb6 52. Kg6 Kc7 53.
Kf5 Kb6 54. Bc8 Kxb5 55. Bb7 Nd4+ 56. Kxg5 Ne2 57. Bf3 Nd4 58. Bd1 Kc6 59. Kf6
Kd7 60. g5 Ke8 61. g6 Kf8 62. g7+ Kg8 63. Bh5 Nf5 64. Bf7+ Kh7 65. g8=Q+ Kh6
66. Qg6# 1-0

[Event "4NCL Division 2a"]
[Site "Hinckley Island ENG"]
[Date "2014.03.22"]
[Round "7.28"]
[White "Gray, Mark S"]
[Black "Ivanov, George"]
[Result "0-1"]
[WhiteElo "2102"]
[BlackElo "1683"]
[PlyCount "166"]
[EventDate "2014.03.22"]
[WhiteTeam "Anglian Avengers 1"]
[BlackTeam "Cambridge University 2"]

1. e4 e5 2. Nf3 Nc6 3. d4 exd4 4. Bc4 Nf6 5. e5 d5 6. Bb5 Ne4 7. Nxd4 Bd7 8.
Bxc6 bxc6 9. O-O Bc5 10. f3 Ng5 11. f4 Ne4 12. Be3 O-O 13. Nd2 Bxd4 14. Bxd4
Nxd2 15. Qxd2 Bf5 16. Rf3 Qd7 17. Rg3 Qe6 18. Re1 a6 19. Ree3 h6 20. Ra3 Rfb8
21. Ra5 Rb5 22. Rga3 Rxa5 23. Rxa5 Qg6 24. c3 Bd7 25. c4 Be6 26. Ra3 Rb8 27.
Kf2 Qe4 28. Qe3 Qc2+ 29. Qe2 Qc1 30. Qe3 Qxc4 31. Qc3 Rb4 32. Qxc4 Rxc4 33. Bc3
Rxf4+ 34. Kg3 Re4 35. Rxa6 d4 36. Ba5 Rxe5 37. Bxc7 Rc5 38. Bb6 d3 39. Ra8+ Kh7
40. Kf2 Rd5 41. Rd8 Bd7 42. Ba5 d2 43. Bxd2 Rxd2+ 44. Ke3 Rd5 45. a4 Be6 46.
Ra8 Re5+ 47. Kf2 Bd5 48. g3 Re7 49. Rb8 c5 50. Rb5 Rc7 51. b4 Bb3 52. bxc5 Bxa4
53. Rb4 Bd7 54. Rc4 Be6 55. Rc3 Kg6 56. Ke3 Kf5 57. h4 Ke5 58. Rc1 Kd5 59. Rd1+
Kxc5 60. Rd8 Rd7 61. Rg8 f6 62. Re8 Kd6 63. Ra8 Bd5 64. Ra6+ Ke5 65. Ra1 Kf5
66. Kf2 Be4 67. Ra5+ Rd5 68. Ra7 g6 69. Rh7 h5 70. Re7 Rd2+ 71. Kf1 Rd3 72. Kf2
Rf3+ 73. Kg2 Bd5 74. Rd7 Rd3+ 75. Kf2 Kg4 76. Rd6 Be4 77. Re6 Rf3+ 78. Ke1 Bd3
79. Rb6 Kxg3 80. Rb4 Bf5 81. Rb6 Bg4 82. Rb8 Kxh4 83. Rg8 Kg5 0-1

[Event "4NCL Division 2a"]
[Site "Hinckley Island ENG"]
[Date "2014.03.22"]
[Round "7.31"]
[White "Sathyanandha, Saravanan"]
[Black "Rudd, Jack"]
[Result "1-0"]
[WhiteElo "2184"]
[BlackElo "2219"]
[PlyCount "105"]
[EventDate "2014.03.22"]
[WhiteTeam "KJCA Kings"]
[BlackTeam "Bristol 1"]

1. e4 c5 2. c3 Nf6 3. e5 Nd5 4. d4 cxd4 5. Nf3 Nc6 6. Bc4 Nb6 7. Bb3 d6 8. exd6
e6 9. cxd4 Bxd6 10. O-O O-O 11. Re1 Bd7 12. Nc3 Rc8 13. Ng5 Be7 14. Qh5 h6 15.
Nf3 Bf6 16. Re4 Re8 17. Bxh6 gxh6 18. Qxh6 Ne7 19. Qxf6 Ng6 20. Qxd8 Rexd8 21.
Ne5 Nxe5 22. dxe5 Bc6 23. Re2 Rd4 24. f3 Kg7 25. Kf2 a5 26. Rd1 Rb4 27. Rb1 a4
28. Bc2 Nc4 29. Bd3 Be8 30. Bxc4 Rcxc4 31. Re4 Bc6 32. Rxc4 Rxc4 33. Ke3 b5 34.
Rc1 Rc5 35. Kd4 Rc4+ 36. Kd3 Rc5 37. Ne2 Rd5+ 38. Nd4 Bd7 39. Rc7 f6 40. f4
fxe5 41. fxe5 Kg6 42. b4 axb3 43. axb3 Kh6 44. b4 Be8 45. Rc5 Rd8 46. Ke4 Ra8
47. Nxe6 Ra4 48. Nf4 Rxb4+ 49. Kf5 Rc4 50. Rxc4 bxc4 51. Kf6 c3 52. Ne2 c2 53.
g4 1-0

[Event "4NCL Division 2a"]
[Site "Hinckley Island ENG"]
[Date "2014.03.22"]
[Round "7.32"]
[White "Buckley, David E"]
[Black "Jones, Victor GL"]
[Result "1-0"]
[WhiteElo "2267"]
[BlackElo "2235"]
[PlyCount "97"]
[EventDate "2014.03.22"]
[WhiteTeam "Bristol 1"]
[BlackTeam "KJCA Kings"]

1. d4 Nf6 2. c4 e6 3. Nc3 Bb4 4. Qc2 O-O 5. e4 d5 6. e5 Ne4 7. Bd3 c5 8. Nf3
cxd4 9. Nxd4 Nd7 10. Bf4 Ndc5 11. O-O Nxd3 12. Qxd3 Bxc3 13. bxc3 Qc7 14. cxd5
exd5 15. Rac1 Qc4 16. Qxc4 dxc4 17. Nb5 Bd7 18. Nd6 Nc5 19. Rb1 b6 20. Be3 Nd3
21. Bd4 Rfd8 22. Nxc4 Be6 23. Ne3 Bxa2 24. Ra1 Be6 25. f4 Nc5 26. f5 Bd7 27.
Bxc5 bxc5 28. Ra5 Rdc8 29. Nd5 Kf8 30. e6 Bc6 31. c4 Be8 32. Rfa1 Rc6 33. e7+
Kg8 34. Rxa7 Rxa7 35. Rxa7 f6 36. Ra8 Kf7 37. Kf2 g6 38. g4 gxf5 39. gxf5 h5
40. Kg3 Rd6 41. Kh4 Rxd5 42. cxd5 Kxe7 43. Rc8 Bd7 44. Rxc5 Kd6 45. Ra5 Bxf5
46. Kxh5 Be4 47. Ra6+ Kxd5 48. Rxf6 Ke5 49. Kg5 1-0

[Event "4NCL Division 2a"]
[Site "Hinckley Island ENG"]
[Date "2014.03.22"]
[Round "7.33"]
[White "Jones, William EG"]
[Black "Beaumont, Chris R"]
[Result "0-1"]
[WhiteElo "2127"]
[BlackElo "2285"]
[PlyCount "118"]
[EventDate "2014.03.22"]
[WhiteTeam "KJCA Kings"]
[BlackTeam "Bristol 1"]

1. e4 g6 2. d4 Bg7 3. Nc3 a6 4. f4 d5 5. exd5 Nf6 6. Qf3 Bg4 7. Qg3 Bf5 8. Bc4
Bxc2 9. a4 c6 10. dxc6 Nxc6 11. d5 Nb4 12. Nge2 Rc8 13. Ba2 Nxa2 14. Rxa2 Nxd5
15. O-O O-O 16. Nxd5 Qxd5 17. Ra3 Rfd8 18. Nc3 Qc4 19. a5 Rd3 20. Qe1 Rcd8 21.
h3 Bd4+ 22. Kh2 Bc5 23. Ra1 Rd1 24. Nxd1 Rxd1 25. Qxd1 Bxd1 26. Rxd1 Qe2 27.
Rd8+ Kg7 28. Bd2 Bd6 29. Bc3+ Kh6 30. Ra4 Qd1 31. Rd4 Qf1 32. R8xd6 exd6 33.
Kg3 Qc1 34. Kf3 Qf1+ 35. Kg3 Qe2 36. Kh2 Qf2 37. Rb4 Qe3 38. Kh1 f6 39. Rxb7
Qc1+ 40. Kh2 Qxf4+ 41. Kg1 Qe3+ 42. Kh1 d5 43. Rb4 f5 44. Rh4+ Kg5 45. Rd4 Qe6
46. Kg1 Kh5 47. Kf2 g5 48. Rb4 f4 49. Kg1 Qe3+ 50. Kh2 Qg3+ 51. Kg1 Kg6 52. Rd4
Qe3+ 53. Kh2 f3 54. gxf3 Qf2+ 55. Kh1 Qxf3+ 56. Kh2 Qf2+ 57. Kh1 Qg3 58. h4
Qf3+ 59. Kg1 g4 0-1

[Event "4NCL Division 2a"]
[Site "Hinckley Island ENG"]
[Date "2014.03.22"]
[Round "7.34"]
[White "Musson, Adam J"]
[Black "Foord, Dominic"]
[Result "1/2-1/2"]
[WhiteElo "2082"]
[BlackElo "2085"]
[PlyCount "101"]
[EventDate "2014.03.22"]
[WhiteTeam "Bristol 1"]
[BlackTeam "KJCA Kings"]

1. d4 d5 2. c4 c6 3. Nf3 Nf6 4. Nc3 e6 5. Bg5 dxc4 6. e4 b5 7. e5 h6 8. Bh4 g5
9. Bg3 Nd5 10. Nd2 Qa5 11. Nde4 Nd7 12. Be2 b4 13. Na4 N7b6 14. Nac5 b3+ 15.
Kf1 bxa2 16. h4 Rg8 17. hxg5 hxg5 18. Rh7 Ba6 19. Nxa6 Qxa6 20. b3 Rb8 21. Qc2
cxb3 22. Qxb3 Qa4 23. Qxa2 Qxa2 24. Rxa2 Rb7 25. Bh5 Nc8 26. Ra6 Rc7 27. Rxc6
Rxc6 28. Bxf7+ Kd8 29. Bxg8 Be7 30. Rh6 Kd7 31. Nf6+ Bxf6 32. exf6 a5 33. Rh7+
Ke8 34. f7+ Ke7 35. Be5 Ncb6 36. Bg7 Nd7 37. Bh6 Kf6 38. f8=Q+ Nxf8 39. Rf7+
Kg6 40. Bxf8 Rc8 41. Rf3 Nf4 42. Bc5 Rxg8 43. g3 Nd5 44. Rf8 Rxf8 45. Bxf8 g4
46. Ke2 Kf5 47. f3 Nc3+ 48. Ke3 gxf3 49. Kxf3 Nb5 50. g4+ Kg6 51. Ke4 1/2-1/2